Вып. 70; Организация и планирование отраслей народного хозяйства

Podrobná bibliografie
Parent link:Организация и планирование отраслей народного хозяйства: республиканский межведомственный научный сборник/ Научно-исследовательский экономический институт , Госплан УССР. Вып. 70.— , 1965-1991
Další autoři: Емельянов А. С. Александр Сергеевич (редактор)
Shrnutí:Исключено из фонда НТБ ТПУ
Jazyk:ruština
Vydáno: 1983
Médium: MixedMaterials Kniha
KOHA link:https://koha.lib.tpu.ru/cgi-bin/koha/opac-detail.pl?biblionumber=305310

MARC

LEADER 00000nam2a2200000 4500
001 305310
005 20231101010909.0
020 |a RU  |b 83-24981ж 
035 |a (RuTPU)RU\TPU\book\330578 
090 |a 305310 
100 |a 20150925d1983 k y0rusy5003 ca 
101 0 |a rus 
102 |a UA 
105 |a y z 000zy 
200 0 |a Вып. 70  |f под ред. А. С. Емельянова 
210 |d 1983 
215 |a 135 с. 
333 |a Исключено из фонда НТБ ТПУ 
461 1 |0 (RuTPU)RU\TPU\book\162113  |t Организация и планирование отраслей народного хозяйства  |o республиканский межведомственный научный сборник  |f Научно-исследовательский экономический институт , Госплан УССР  |v Вып. 70  |d 1965-1991 
702 1 |a Емельянов  |b А. С.  |g Александр Сергеевич  |4 340 
801 0 |a RU  |b RuMRKP  |c 19950704  |g psbo 
801 1 |a RU  |b 63413507  |c 20150925 
801 2 |a RU  |b 63413507  |c 20191210  |g RCR 
942 |c BK